<?xml version="1.0" encoding="UTF-8"?><?xml-stylesheet type="text/xsl" href="static/style.xsl"?><OAI-PMH xmlns="http://www.openarchives.org/OAI/2.0/" xmlns:xsi="http://www.w3.org/2001/XMLSchema-instance" xsi:schemaLocation="http://www.openarchives.org/OAI/2.0/ http://www.openarchives.org/OAI/2.0/OAI-PMH.xsd"><responseDate>2026-06-03T09:01:31Z</responseDate><request verb="GetRecord" identifier="oai:riuma.uma.es:10630/14884" metadataPrefix="marc">https://riuma.uma.es/rest/oai/request</request><GetRecord><record><header><identifier>oai:riuma.uma.es:10630/14884</identifier><datestamp>2026-02-03T12:11:03Z</datestamp><setSpec>com_10630_2254</setSpec><setSpec>col_10630_37959</setSpec></header><metadata><record xmlns="http://www.loc.gov/MARC21/slim" xmlns:dcterms="http://purl.org/dc/terms/" xmlns:doc="http://www.lyncode.com/xoai" xmlns:xsi="http://www.w3.org/2001/XMLSchema-instance" xsi:schemaLocation="http://www.loc.gov/MARC21/slim http://www.loc.gov/standards/marcxml/schema/MARC21slim.xsd">
   <leader>00925njm 22002777a 4500</leader>
   <datafield ind2=" " ind1=" " tag="042">
      <subfield code="a">dc</subfield>
   </datafield>
   <datafield ind2=" " ind1=" " tag="720">
      <subfield code="a">Millán-Franco, Mario</subfield>
      <subfield code="e">author</subfield>
   </datafield>
   <datafield ind2=" " ind1=" " tag="720">
      <subfield code="a">García-Cid, Alba</subfield>
      <subfield code="e">author</subfield>
   </datafield>
   <datafield ind2=" " ind1=" " tag="720">
      <subfield code="a">Hombrados-Mendieta,  Isabel</subfield>
      <subfield code="e">author</subfield>
   </datafield>
   <datafield ind2=" " ind1=" " tag="260">
      <subfield code="c">2017-12-13</subfield>
   </datafield>
   <datafield ind2=" " ind1=" " tag="520">
      <subfield code="a">Por medio de la innovadora investigación cualitativa longitudinal (ICL), momento de llegada versus actual, se busca acallar el imaginario de parte de la población consistente en el uso desorbitado de los recursos sociales de las personas inmigrantes. A través del desarrollo de 40 entrevistas en profundidad a personas latinoamericanas de la provincia de Málaga, y tras la realización de los respectivos análisis, se ha demostrado que hacen un uso considerablemente discreto de los Servicios Sociales Públicos. De igual forma se ha explicitado tanto que las principales fuentes de apoyo del colectivo son los autóctonos y sus paisanos como que el apoyo de tipo informacional predomina en ambos momentos temporales.</subfield>
   </datafield>
   <datafield ind1="8" ind2=" " tag="024">
      <subfield code="a">https://hdl.handle.net/10630/14884</subfield>
   </datafield>
   <datafield tag="653" ind2=" " ind1=" ">
      <subfield code="a">Emigración e inmigración</subfield>
   </datafield>
   <datafield tag="653" ind2=" " ind1=" ">
      <subfield code="a">Trabajo social</subfield>
   </datafield>
   <datafield ind2="0" ind1="0" tag="245">
      <subfield code="a">Desmitificación del uso intensivo de los recursos sociales por parte de las personas inmigrantes. Análisis temporal de la procedencia del apoyo social recibido por el colectivo</subfield>
   </datafield>
</record>
</metadata></record></GetRecord></OAI-PMH>